Traité touchant la suppression de la mendicité et l'administration des pauvres dans la ville d'Anvers

Detalles Bibliográficos
Formato: Libro
Lenguaje:Undetermined
French
Publicado: a Anvers : chez J. Grange, 1780.
Materias:
Colección:Banco de datos
Acervo:Biblioteca Palafoxiana. Colección bibliográfica
Descripción Física:87, [17] p. ; 4°
Tema general:Historia civil
Notas:Número de localización: 19563-B Encuadernado con 8 obras
LEADER 00559nam a2200157Ia 4500
008 150723s9999 xx 000 0 und d
041 0 |a fre 
050 0 |a PAFX D20 M4 
245 1 0 |a Traité touchant la suppression de la mendicité et l'administration des pauvres dans la ville d'Anvers 
260 |a a Anvers : chez J. Grange, 1780. 
300 |a 87, [17] p. ; 4° 
500 |a Número de localización: 19563-B Encuadernado con 8 obras 
650 1 0 |a Historia civil 
942 |c PALALIB 
943 |g Biblioteca Palafoxiana. Colección bibliográfica 
999 |c 1052089  |d 1052089